| 000 | 00595 a2200205 4500 | ||
|---|---|---|---|
| 999 |
_c32158 _d32158 |
||
| 003 | OSt | ||
| 005 | 20260216152828.0 | ||
| 008 | 260216b ||||| |||| 00| 0 eng d | ||
| 020 | _a9780190602062 | ||
| 040 | _c. | ||
| 082 |
_a620.0028553 _bP9122 |
||
| 100 |
_96614 _aPratap, Rudra |
||
| 245 |
_aGetting started with MATLAB : a quick introduction for scientists and engineers / _cRudra Pratap |
||
| 250 | _a7th ed. | ||
| 260 |
_bOxford University Press, _aNew York : _c2017. |
||
| 300 | _a305 p. | ||
| 650 | 0 |
_91064 _aMATLAB |
|
| 650 | 0 |
_94702 _aMathematics--Data Processing |
|
| 942 |
_2ddc _cBK |
||